A study of bearing capacity of deep foundations.

Saved in:
Bibliographic Details
Main Author: Vesic, Aleksandar S.
Corporate Author: BRITISH LIBRARY
Format: Book
Language:English
Published: Atlanta, USA: Georgia Institute of Technology, 1967
Tags: Add Tag
No Tags, Be the first to tag this record!

MARC

LEADER 00000nam a22000007a 4500
003 CL-VaPUC
005 20220510123237.0
008 220510b ||||| |||| 00| 0 eng d
999 |c 435571  |d 435569 
040 |c Pontificia Universidad Católica de Valparaíso 
082 |a Wq5-1367  
100 1 |a Vesic, Aleksandar S.   |9 869044 
110 |a BRITISH LIBRARY   |9 869045 
245 |a A study of bearing capacity of deep foundations.  
260 |a Atlanta, USA:   |b Georgia Institute of Technology,   |c 1967 
300 |a 253 páginas  
583 |c 20220510  |k Cristina María Rojas Aguilar 
942 |2 ddc  |c BK  |n 1